000 00462nam a2200181Ia 4500
001 13307
005 20260306164751.0
008 260306t2011||||xx |||||||||||||| ||spa||
041 _aESP
082 _a001.42
_bN61
100 _aNiño Rojas, Víctor Miguel
_eAUT
245 0 _aMetodología de la investigación:
_bdiseño y ejecución
260 _c2011
300 _a155 páginas :
_c24 cm.
650 _aGEN
654 _aCHU
942 _cLIB
_dJUS
_fJUS
_2ddc
_n
999 _c13307
_d13307